000 00802nam a22002297a 4500
999 _c15774
_d15774
003 OSt
005 20201123152804.0
008 181213b ||||| |||| 00| 0 eng d
022 _a0730-3084
040 _c0
082 _aDPer 613.705 J863 Sept 2015-Apr 2016 v. 86-87
100 _a
_942566
245 _a Healthy pokes:
_bafter-school-evaluation and mentoring to enhance child health/
_cKaren Lux Gaudreault and three others.
260 _aPhiladelphia:
_bShape America-Society of Health and Physical Educators,
_c©Sept 2015-Apr 2016.
300 _av87, n1, pages 38-43:
_billustrations;
_c28 cm.
500 _aJOPERD
650 _aHealth.
_933110
700 _aShiver, V.
_eAuthor.
_942597
700 _aKinder, C.
_eAuthor.
_942598
700 _aGuseman, E.
_eAuthor.
_942599
942 _2ddc
_cPER